Statistiques concernant Pays commençant par la lettre B

Cliquez ici pour prendre le quiz!

Statistiques générales

  • Ce quiz a été pris 84 589 fois
    (83 115 depuis la dernière actualisation)
  • Le résultat moyen est 12 sur 18

Statistiques - réponses

Pays% Correct
Belgique
96%
Bolivie
79%
Birmanie
78%
Biélorussie
73%
Brésil
72%
Bulgarie
71%
Bhoutan
70%
Botswana
66%
Bangladesh
64%
Bénin
64%
Burkina Faso
60%
Bahamas
60%
Bosnie-Herzégovine
60%
Belize
60%
Burundi
60%
Bahreïn
59%
Barbade
56%
Brunei
55%

Distribution des résultats

Percentile par nombre de réponses

% des personnes avec chaque résultat

Votre développement - résultats

Vous n’avez pas pris ce quiz depuis la dernière actualisation